[Event "Santo Domingo Independencia op"]
[Site "Santo Domingo"]
[Date "2017.02.25"]
[Round "2"]
[White "Frias Rojas, Kreemly Radhames"]
[Black "Rojas Gomez, Ramon Andres"]
[Result "0-1"]
[WhiteElo "1627"]
[BlackElo "1787"]
[PlyCount "96"]
[EventDate "2017.02.24"]
[EventType "swiss"]
[EventRounds "7"]
[EventCountry "DOM"]
[SourceTitle "CBM 177 Extra"]
[Source "ChessBase"]
[SourceDate "2017.04.27"]
[SourceVersion "1"]
[SourceVersionDate "2017.04.27"]
[SourceQuality "1"]

1. e4 e5 2. Nf3 Nc6 3. Bb5 Nf6 4. Nc3 d6 5. 0-0 Be7 6. d4 exd4 7. Nxd4 Bd7 8. Be3 0-0 9. h3 a6 10. Nxc6 bxc6 11. Bc4 Qc8 12. Qf3 Qb7 13. Bb3 Rae8 14. Rad1 Bd8 15. Rd3 c5 16. Rfd1 Qb4 17. a3 Qb7 18. Nd5 Nxe4 19. Nc3 Bc6 20. Bd5 Bxd5 21. Nxd5 Qxb2 22. c4 c6 23. Nf4 Bc7 24. Qg4 f5 25. Qh5 Qe5 26. f3 g6 27. Nxg6 hxg6 28. Qxg6+ Qg7 29. Qxg7+ Kxg7 30. fxe4 Rxe4 31. Bg5 Rf7 32. Rc1 Kg6 33. h4 Rd7 34. Kf2 d5 35. cxd5 cxd5 36. Kf3 c4 37. Rd2 Be5 38. Rb1 d4 39. Rb6+ Rd6 40. Rdb2 c3 41. Rxd6+ Bxd6 42. Rb6 Re6 43. Rc6 Kf7 44. Rxa6 c2 45. Ra7+ Kg6 46. Ra8 d3 47. Rg8+ Kf7 48. Ra8 f4 0-1

[Event "Santo Domingo Independencia op"]
[Site "Santo Domingo"]
[Date "2017.02.24"]
[Round "1"]
[White "Steel Stephen, Daniel Alberto"]
[Black "Frias Rojas, Kreemly Radhames"]
[Result "1-0"]
[WhiteElo "1916"]
[BlackElo "1627"]
[PlyCount "105"]
[EventDate "2017.02.24"]
[EventType "swiss"]
[EventRounds "7"]
[EventCountry "DOM"]
[SourceTitle "CBM 177 Extra"]
[Source "ChessBase"]
[SourceDate "2017.04.27"]
[SourceVersion "1"]
[SourceVersionDate "2017.04.27"]
[SourceQuality "1"]

1. d4 Nf6 2. c4 c5 3. d5 b5 4. cxb5 a6 5. b6 Qxb6 6. Nc3 d6 7. e4 g6 8. Nf3 Bg7 9. Be2 0-0 10. Nd2 Nbd7 11. Nc4 Qb4 12. Bd2 Qb8 13. 0-0 a5 14. Qc2 Qc7 15. Nb5 Qd8 16. a4 Ne8 17. f4 Ndf6 18. Bc3 e6 19. Bf3 Bb7 20. dxe6 fxe6 21. e5 Nd5 22. Nbxd6 Bc6 23. Nxe8 Bxe8 24. g3 Ra7 25. Qd2 Bc6 26. Bxa5 Qa8 27. b3 Rb8 28. Rab1 Nb4 29. Bxc6 Nxc6 30. Bb6 Rab7 31. a5 Bf8 32. Qe3 Nd4 33. Qf2 Rd7 34. Qg2 Rbb7 35. Rfd1 Rd5 36. Ne3 Rdd7 37. b4 Qc8 38. Ng4 Kg7 39. Kh1 Nb5 40. Nf6 Rd4 41. bxc5 Rxd1+ 42. Rxd1 Be7 43. c6 Rb8 44. Rd7 Qf8 45. Qb2 Kh8 46. Qb4 Bxf6 47. Qxf8+ Rxf8 48. exf6 Rxf6 49. c7 Rf8 50. Rd8 Nxc7 51. Rxf8+ Kg7 52. Bxc7 Kxf8 53. a6 1-0